Nel terzo centenario della nascita di Francesco Algarotti (1712-1764) / (Record no. 184544)

MARC details
000 -LEADER
campo de control de longitud fija 01144nam a2200301 i 4500
001 - NÚMERO DE CONTROL
campo de control 184544
003 - IDENTIFICADOR DE NÚMERO DE CONTROL
campo de control ES-MaACL
005 - FECHA Y HORA DE LA ÚLTIMA TRANSACCIÓN
campo de control 20231120135452.0
008 - DATOS DE LONGITUD FIJA--INFORMACIÓN GENERAL
campo de control de longitud fija 151021s2014 it aj |||| |bita d
020 ## - NÚMERO INTERNACIONAL ESTÁNDAR DEL LIBRO
Número Internacional Estándar del Libro 9788895996462
080 ## - NÚMERO DE LA CLASIFICACIÓN DECIMAL UNIVERSAL
Número de la Clasificación Decimal Universal 929 Algarotti, Francesco (063)
080 ## - NÚMERO DE LA CLASIFICACIÓN DECIMAL UNIVERSAL
Número de la Clasificación Decimal Universal 001(453.1)"18"
245 00 - MENCIÓN DEL TÍTULO
Título Nel terzo centenario della nascita di Francesco Algarotti (1712-1764) /
Mención de responsabilidad, etc. a cura di Manlio Pastore Stocchi e Gilberto Pizzamiglio.
260 ## - PUBLICACIÓN, DISTRIBUCIÓN, ETC.
Lugar de publicación, distribución, etc. Venezia :
Nombre del editor, distribuidor, etc. Istituto Veneto di Scienze, Lettere ed Arti,
Fecha de publicación, distribución, etc. 2014.
300 ## - DESCRIPCIÓN FÍSICA
Extensión X, 234 p. :
Otras características físicas il. ;
Dimensiones 24 cm.
500 ## - NOTA GENERAL
Nota general Índices.
504 ## - NOTA DE BIBLIOGRAFÍA, ETC.
Nota de bibliografía, etc. Referencias bibliográficas.
600 14 - PUNTO DE ACCESO ADICIONAL DE MATERIA--NOMBRE DE PERSONA
Nombre de persona Algarotti, Francesco.
9 (RLIN) 19883
651 #4 - PUNTO DE ACCESO ADICIONAL DE MATERIA--NOMBRE GEOGRÁFICO
Nombre geográfico Venecia-
Subdivisión general Vida intelectual.
9 (RLIN) 157959
700 1# - ENTRADA AGREGADA--NOMBRE PERSONAL
Nombre de persona Pastore Stocchi, Manlio.
9 (RLIN) 157958
700 1# - ENTRADA AGREGADA--NOMBRE PERSONAL
Nombre de persona Pizzamiglio, G.
9 (RLIN) 92460
710 2# - ENTRADA AGREGADA--NOMBRE DE ENTIDAD CORPORATIVA
Nombre de entidad corporativa o nombre de jurisdicción como elemento de entrada Istituto Veneto di Scienze, Lettere ed Arti.
9 (RLIN) 5304
852 ## - LOCALIZACIÓN
Ubicación ES-MaACL
Número de control de estantería A-13596
itemnumber 191545
Sublocalización o colección R.150817
Ubicación en estantería Depósito 1
Signatura antigua Olim: N-6596
Donativo/Legado Donacion: Real Academia Española
914 ## - NOMBRE ENTIDAD DE DONANTE
RLIN 6336
Nombre de congreso/reunión o jurisdicción como elemento de entrada Real Academia Española
Unidad subordinada Donante
942 ## - ELEMENTOS DE ENTRADA SECUNDARIOS (KOHA)
Fuente del sistema de clasificación o colocación Clasificación decimal universal
Tipo de ítem Koha Libro impreso
Holdings
Estatus retirado Estado de pérdida Fuente del sistema de clasificación o colocación Estado de daño No para préstamo Biblioteca de origen Biblioteca actual Ubicación en estantería Fecha de adquisición Fuente de adquisición Total de préstamos Signatura topográfica completa Código de barras Visto por última vez Precio de reemplazo Tipo de ítem Koha
    Clasificación decimal universal     Biblioteca del Ateneo de Madrid Biblioteca del Ateneo de Madrid Depósito 1 21/10/2015 Donación   A-13596 1194292 23/02/2023 23/02/2023 Libro impreso